Estado de la población mundial 1997 : el derecho a optar : derechos de procreación y salud de la reproducción.

Guardado en:
Bibliografiske detaljer
Hovedforfatter: Sadik, Nafis (autor)
Format: Bog
Sprog:spansk
Fag:
Tags: Tilføj Tag
Ingen Tags, Vær først til at tagge denne postø!

MARC

LEADER 00000cam^a2200000uu^4500
001 000463622
005 20250521000000.0
008 050901s1997^^^^^^^^^^^^rd^r^^000^0^spa^d
009 20260310124316.031
022 |a 0897144112 
035 |a FCE 000006172 
035 |a FCE 024182 
037 |a Acervo ITESO - Biblioteca 
041 |a spa 
082 0 4 |a 332.153  |b SADe 
100 |a Sadik, Nafis  |e (autor) 
245 1 0 |a Estado de la población mundial 1997 :  |b el derecho a optar : derechos de procreación y salud de la reproducción. 
264 |a Estados Unidos :  |b FNUAP,  |c 1997. 
300 |a 76 p. 
336 |a texto  |b txt  |2 rdacontenido 
337 |a sin mediación  |b n  |2 rdamedio 
338 |a volumen  |b nc  |2 rdasoporte 
649 |a XX 
650 |a Demografía 
650 |a Salud 
650 |a Pobreza 
650 |a Sexualidad 
650 |a Planificación familiar 
650 |a Desarrollo humano 
650 |a Derechos humanos 
650 |a Indicadores 
650 |a Población mundial 
650 |a Diferencias entre sexos 
650 |a Problemas de población 
910 |a Fondo Centro de Estudios Educativos 
920 |a Impresos - Libros 
930 |a Fondos Especiales 
905 |a 133 
901 |a ALE024182  |b IT2  |c CEE  |u 20250521 
902 |a https://opac.biblio.iteso.mx/vufind/Record/000463622